00331nam a22001337a 4500003000700000005001700007008004100024082002300065100002000088245003300108260003100141300000800172650001700180MPLRDC20220104143113.0210129b ||||| |||| 00| 0 eng d a719.865 LXJ-2 v.68 a许友彬主编 a旅行家. 第六十八期c ab曦地有限公司c1998 b平 a世界游记